Statistics for 2022 Commonwealth Games Medal Table

Click here to take the quiz!

General Stats

  • This quiz has been taken 134 times
    (71 since last reset)
  • The average score is 14 of 19

Answer Stats

GSBMedalsCountry% Correct
576653176England
94%
13112751Scotland
94%
675754178Australia
92%
26323492Canada
92%
791127South Africa
92%
861428Wales
92%
20121749New Zealand
91%
22162361India
86%
77418Northern Ireland
84%
2338Pakistan
78%
66315Jamaica
77%
1291435Nigeria
75%
651021Kenya
72%
78823Malaysia
63%
23611Cyprus
53%
1405Samoa
53%
44412Singapore
53%
3025Uganda
53%
3216Trinidad and Tobago
52%

Score Distribution

Percentile by Number Answered

Percent of People with Each Score

Your Score History

You have not taken this quiz since the last reset